00489nam a2200145Ia 4500008004100000041001200041082001100053100002300064245007900087260000600166650000600172942000700178999001700185952014100202221030s9999 xx 000 0 und d aEnglish a105.23 aA. K. Mukhopadhyay 0aMicroprocessor Microcomputer and Their Applicationscby A. K. Mukhopadhyay c0 aB cBK c10986d10986 pB 1948l0o105.23 r2022-10-30 00:00:00w2022-10-30yBK003Print4070aMIETLIBbMIETLIBcBL-, FL-, CUP-0, SH-0, R-0d2012-06-0110HBE